| 000 | 00526nam a2200193 a 4500 | ||
|---|---|---|---|
| 001 | 1769854927637 | ||
| 003 | YourLibrary | ||
| 005 | 20260131162125.0 | ||
| 008 | 260131s2003##################000#0#eng## | ||
| 020 | _a9780521816991 | ||
| 082 | 0 | 4 |
_a330.94708 _bSPU |
| 100 | 1 |
_aSpulber, Nicolas, _eauthor. |
|
| 245 | 1 | 0 | _aRussia's Economic Transitions : |
| 260 |
_bCambridge University Press, _c2003. |
||
| 300 | _a446 pages | ||
| 650 | 0 | _aBusiness & Economics. | |
| 942 | _cENGLISH | ||
| 040 |
_aYourLibrary _beng _cYourLibrary |
||
| 999 |
_c609571 _d609571 |
||